| 000 | 01276nam a2200313 a 4500 | ||
|---|---|---|---|
| 001 | 52112 | ||
| 003 | BD-RjUL | ||
| 005 | 20211209075745.0 | ||
| 008 | 160906s1987 enka b 001 0 eng | ||
| 020 | _a081330248X (pbk. : alk. paper) : | ||
| 035 | _a(BD-RjUL)52232 | ||
| 040 |
_aDLC _cDLC _dDLC _dBD-RjUL _beng |
||
| 041 | _aeng | ||
| 082 | 0 | 0 |
_223 _a333.79160972 _bGUE 1987 |
| 100 | 1 |
_aGuzmán, Oscar. _9155869 |
|
| 245 | 1 | 0 |
_aEnergy efficiency and conservation in Mexico / _cOscar Guzmán, Antonio Yúnez-Naude and Miguel S. Wionczek ; translated by Glenn Gardner and Rodney Williamson. |
| 260 |
_aBoulder ; _aLondon : _bWestview Press, _cc1987. |
||
| 300 |
_axix, 354 p. : _bill. ; _c23 cm. |
||
| 504 | _aInclude bibliography and index. | ||
| 650 | 0 |
_aEnergy consumption _zMexico. _9155871 |
|
| 650 | 0 |
_aEnergy conservation _zMexico. _9155872 |
|
| 650 | 0 |
_aPetroleum industry and trade _xEnergy consumption _zMexico. _9155873 |
|
| 650 | 0 |
_aElectric utilities _xEnergy consumption _zMexico. _9155874 |
|
| 700 | 2 |
_aYúnez-Naude, Antonio. _9155875 |
|
| 700 | 1 |
_aWionczek, Miguel S. _9155876 |
|
| 830 |
_aWestview special studies on Latin America and the Caribbean _9157214 |
||
| 942 |
_2ddc _cBK |
||
| 999 |
_c52112 _d52112 |
||